Kitab al-mrshid aw al-fusul (Record no. 713145)

MARC details
000 -LEADER
fixed length control field 00766nam a2200253Ia 4500
003 - CONTROL NUMBER IDENTIFIER
control field OSt
005 - DATE AND TIME OF LATEST TRANSACTION
control field 20220928102237.0
008 - FIXED-LENGTH DATA ELEMENTS--GENERAL INFORMATION
fixed length control field 220927b |||||||| |||| 00| 0 urd d
037 ## - SOURCE OF ACQUISITION
Terms of availability Textual
040 ## - CATALOGING SOURCE
Original cataloging agency SDCL
Transcribing agency SDCL
Language of cataloging urd
041 ## - LANGUAGE CODE
Source of code urd
Language code of text/sound track or separate title urd
100 ## - MAIN ENTRY--PERSONAL NAME
Personal name Zakariyya al-Razi Abu Bakr Muhammad I.
9 (RLIN) 397355
245 #0 - TITLE STATEMENT
Title Kitab al-mrshid aw al-fusul
260 ## - PUBLICATION, DISTRIBUTION, ETC.
Place of publication, distribution, etc. New Delhi
Name of publisher, distributor, etc. Central Council for Research in Unani Medicine
Date of publication, distribution, etc. 2019
300 ## - PHYSICAL DESCRIPTION
Extent 150p.
Dimensions cm.
650 ## - SUBJECT ADDED ENTRY--TOPICAL TERM
Topical term or geographic name entry element Gift
9 (RLIN) 391569
942 ## - ADDED ENTRY ELEMENTS (KOHA)
Classification part O168, Q9
Koha item type Textual
Source of classification or shelving scheme Colon Classification (CC)
Holdings
Withdrawn status Lost status Damaged status Not for loan Home library Current library Date acquired Source of acquisition Total Checkouts Full call number Barcode Date last seen Price effective from Koha item type
        South Campus Library South Campus Library 2022-09-28 Gift, 13/07/2021,   O168 Q9 SC1439293 2022-09-28 2022-09-28 Textual
Copyright @ Delhi University Library System